00710nam a2200241 a 4500001001300000003000900013005001700022008004100039020001000080082001800090100002500108245003200133260004600165300000900211500003500220505001700255650002300272700002500295902000800320942000700328952011800335999001500453nice12345678IN_TiNIC20260116011509.0050524s1960 dela grp 000 0 urd  ac10000a297.1227bMEH aMeher, Ghulam Rasool aBaqiyat-I- Tarjumanul Quran aDelhi bPayam-E-mashriq Book Depot c1960 a110p aincludes index and biblioraphy2 aBibliography aQuran-Hermeneutics1 aMeher, Ghulam Rasool bSRS cBK 001040708StackRoom-aHMIbHMId2007-08-02g100.00l0o297.1227 MEHp03553r2007-08-02v100.00w2005-05-24yBK c2052d2052